|
|
แสดงรายละเอียดบรรณานุกรม |
|
|
Brief Record
: Get Marc (ISO 2709)
: E-mail record
: |
|
|
| LEADER 00000nam 2200000uu 4500 | |||
| 001 213257 | |||
| 003 ULIBM | |||
| 008 230607s||||||||th 000 0 tha d | |||
| 020 ^a978-616-593-471-8 | |||
| 040 ^abcnkk | |||
| 041 ^atha | |||
| 060 0 ^aWY152 พ67ก 2565 | |||
| 100 0 ^aพรชัย จูลเมตต์ | |||
| 245 00 ^aการพยาบาลผู้สูงอายุโรคหลอดเลือดสมอง = Nursing care for older adult with stroke/พรชัย จูลเมตต์ | |||
| 246 00 ^aNursing care for older adult with stroke | |||
| 260 ^aชลบุรี^bคณะพยาบาลศาสตร์ มหาวิทยาลัยบูรพา^c2565 | |||
| 300 ^a:130 หน้า:^bภาพประกอบ;^c25 ซม. | |||
| 650 0 ^a^aการพยาบาลผู้สูงอายุ | |||
| 650 0 ^aโรคหลอดเลือดสมอง | |||
| 650 0 ^aผู้สูงอายุ--การดูแล | |||
| 999 ^aใช้งานได้ทุกระบบ | |||
| คุณยังไม่ได้ล็อกอิน คุณสามารถมีกิจกรรมร่วมกับเว็บไซต์ได้ แต่ต้องล็อกอินก่อน :: |
|
| สถานะ | |||||||||
| 1. | การพยาบาล (ตำราหลัก) | WY152 พ67ก 2565 ฉ.1 | On Shelf ขอยืม | ||||||
| Note:จัดซื้อปีงบฯ 2566 | |||||||||
| 2. | การพยาบาล (ตำราหลัก) | WY152 พ67ก 2565 ฉ.2 | On Shelf ขอยืม | ||||||
| Note:จัดซื้อปีงบฯ 2566 | |||||||||
| 3. | การพยาบาล (ตำราหลัก) | WY152 พ67ก 2565 ฉ.3 | On Shelf ขอยืม | ||||||
| Note:จัดซื้อปีงบฯ 2566 | |||||||||
| 4. | การพยาบาล (ตำราหลัก) | WY152 พ67ก 2565 ฉ.4 | On Shelf ขอยืม | ||||||
| Note:จัดซื้อปีงบฯ 2566 | |||||||||
| 5. | การพยาบาล (ตำราหลัก) | WY152 พ67ก 2565 ฉ.5 | On Shelf ขอยืม | ||||||
| Note:จัดซื้อปีงบฯ 2566 | |||||||||
| [แสดง 5/5 รายการ] | |||||||||
BibComment |
| คอมเมนท์ทรัพยากรรายการนี้ |
|
|